| 000 | 00918cam a2200253Ia 4500 | ||
|---|---|---|---|
| 008 | |||
| 049 | _aMAIN | ||
| 090 |
_aS593 _bMET |
||
| 245 | 1 | 0 |
_aMethods of soil analysis / _cC.A. Black, editor-in-chief, D.D. Evans... [et al.]. |
| 260 |
_aMadison : _bAmerican Society of Agronomy, _c1965 |
||
| 300 |
_axxii, 770 p. : _bill. ; _c24 cm. |
||
| 440 | 0 |
_aAgronomy ; _vno. 9 |
|
| 505 | 0 | _av. 1. Physical and mineralogical properties, including statistics of measurement and sampling. -- v. 2. Chemical and microbiological properties. | |
| 504 | _aIncludes bibliographical references and indexes. | ||
| 650 | 0 |
_aSoils _xAnalysis. |
|
| 650 | 7 |
_aSolo (Microbiologia E Bioquimica) _2larpcal |
|
| 700 | _aBlack, C.A. | ||
| 700 | _aEvans, D.D. | ||
| 907 |
_a.b10016259 _b17-09-12 _c17-04-03 |
||
| 003 | |||
| 005 | 20230123134121.0 | ||
| 040 | _cNUST | ||
| 942 |
_cBOOKS _kS593 _mMET |
||
| 999 |
_c160327 _d160327 |
||